Princesa. Estudiante
Guardat en:
| Autor principal: | |
|---|---|
| Format: | Desconegut |
| Matèries: | |
| Etiquetes: |
Afegir etiqueta
Sense etiquetes, Sigues el primer a etiquetar aquest registre!
|
MARC
| LEADER | 000000000a22000000004500 | ||
|---|---|---|---|
| 001 | 000886 | ||
| 041 | 0 | |a español | |
| 092 | 0 | |a Artículo 18: Ampo 1 | |
| 100 | 1 | |a Chejov, Anton Pavlovich, 1860-1904 | |
| 245 | 1 | 0 | |a Princesa. Estudiante |
| 650 | 4 | |a CHEJOV, ANTON PAVLOVICH, 1860-1904 | |
| 650 | 4 | |a CUENTOS | |
| 650 | 4 | |a LITERATURA RUSA | |
| 773 | 0 | |t Cuentos Completos | |
| 773 | 0 | |g 1115-1287 | |
| 999 | |c 952 |d 952 | ||
